000
00330nam a2200145Ia 4500
100
_a
Stevenson/W.D.
650
_a
Electrical Engineering
942
_c
BK
654
_a
Elements
245
_a
Elements Of Power System Analysis
260
_b
McGraw Hill
_a
Auckland
_c
1984
082
_a
621.3
300
_a
436
546
_a
ENGLISH
999
_c
28289
_d
28289